000 00604nam a2200205 a 4500
001 000022429
005 20240322191157.0
008 101011s2006 dr 000 0 spa d
020 _a9945431013
040 _aDO-SdBNP
_bspa
_cBNPHU
082 _axxx
_bE77d
100 1 _aEspinal, Rosario
_d1955-
_943869
245 1 0 _aDemocracia epiléptica en la sociedad del clic /
_cRosario Espinal.
260 _aSanto Domingo :
_bTaina,
_c2006.
300 _a296 p. ;
_c24 cm.
490 1 _aClave
500 _aIncluye datos biográficos del autor en la contraportada
830 0 _aClave
_946236
049 _aBNPD
999 _c21927
_d21927